Mixels Tribes - Statistics

General Stats
  • This quiz has been taken 15 times
  • The average score is 19 of 28
Answer Stats
Series and year Color(s) Tribe % Correct
Series 3 - 2014 Green Glorp Corp
80%
Series 6 - 2015 Green Glorp Corp Cousins
80%
Series 4 - 2015 Red Infernite Cousins
80%
Series 1 - 2014 Red Infernites
80%
Series 7 - 2016 Blue, White, Black Mixopolis City Police Department
80%
Enemies - all Black and White Nixels
80%
Series 1 -2014 Grey, gold Cragsters
70%
Series 1 - 2014 Yellow Electroids
70%
Series 2 -2014 Brown Fang Gang
70%
Series 5 - 2015 Blue Frosticon Cousins
70%
Series 2 - 2014 Blue Frosticons
70%
Series 5 - 2015 Brown, grey, gold Klinkers
70%
Series 6 - 2015 Purple, Lavender Munchos
70%
Series 9 - 2016 Black, Blue, Yellow Newzers
70%
Series 4 - 2015 Green, white Orbitons
70%
Series 3 -2014 Tan Spikels
70%
Series 9 -2016 Yellow, Green Trashoz
70%
Series 6 - 2015 Yellow and grey Weldos
70%
Series 3 - 2014 Purple Wiztastics
70%
Series 2 - 2014 Orange Flexers
60%
Series 4 - 2015 Navy Blue Glowkies
60%
Series 7 - 2016 Brown, Grey Medivals
60%
Series 8 - 2016 White, Light Blue Medix
60%
Series 7 - 2016 Yellow and Purple Mixies
60%
Series 8 - 2016 Red, Yellow Mixopolis City Fire Department
60%
Series 9 - 2016 Orange, black Nindjas
60%
Series 8 - 2016 More Mix Match Pyratz
30%
Series 5 - 2015 Yellow Tungsters
10%
No matching quizzes found
Score Distribution
Percent of People with Each Score
Percentile by Number Answered
Your Score History
You have not taken this quiz